| 000 | 01223cab a2200241 4500 | ||
|---|---|---|---|
| 001 | ABS49558 | ||
| 008 | 090401t1993 xxu||||| |||| 00| 0 eng d | ||
| 035 | _a(Sirsi) u71801 | ||
| 041 | _aeng | ||
| 245 | _aConnell Estate Agents (a firm) v Begej | ||
| 260 | _c1993 | ||
| 350 | _a0 | ||
| 490 |
_aEstates Gazette _v(1993) 39 EG 125-129(5) |
||
| 520 | _aCA 8 March 1993. On the instructions of the defendant, B, the plaintiff firm of estate agents, C, negotiated the sale of a house under which the purchasers paid £53,000 in cash and received another house in part-exchange. C claimed the second house was valued at £56,000 making a total purchase price of £109,000 on which 3% commission had been agreed. C brought proceedings for this commission at the county court. It was held that the purchase price had only been £53,000. C appealed contending that the purchase price included boththe cash and the part exchange element. This was allowed. | ||
| 650 | _aESTATE AGENTS ACT 1979 S18 | ||
| 650 | _aESTATE AGENTS' COMMISSION | ||
| 650 | _aESTATE AGENTS | ||
| 650 | _aFEES | ||
| 650 | _aPART EXCHANGE | ||
| 690 | _aMANAGEMENT-BUSINESS MANAGEMENT-PROFESSIONAL PRACTICE | ||
| 942 | _n0 | ||
| 948 | _c04/03/1997 | ||
| 999 |
_c45297 _d45297 |
||